[Event "Budapest Nuovo"]
[Site "Budapest"]
[Date "1992.??.??"]
[Round "12"]
[White "Tolnai, Tibor"]
[Black "Fogarasi, Tibor"]
[Result "1/2-1/2"]
[WhiteElo "2490"]
[BlackElo "2455"]

1.e4 c5 2.Nf3 Nc6 3.d4 cxd4 4.Nxd4 Qc7 5.Nc3 e6 6.f4 a6 7.Nxc6 bxc6 8.e5 d5
9.exd6 Bxd6 10.Ne4 Be7 11.Bd3 Nf6 12.O-O O-O 13.Qf3 Bb7 14.b3 c5 15.Bb2 c4
16.Bxf6 cxd3 17.Bxe7 Qxe7 18.Qxd3 Rad8 19.Qe3 Bxe4 20.Qxe4 Qc5+ 21.Rf2 Rd2
22.Rf1 g6 23.g3 Rc8 24.Kg2 Rxc2 25.Rxc2 Qxc2+ 26.Qxc2 Rxc2+ 27.Rf2 Rc3 28.Kf1 h5
29.Rd2 Kf8 30.Ke2 Ke7 31.Kd1 a5 32.Rc2 Rd3+ 33.Ke2 Rd5 34.Rc7+ Kf6 35.h4 e5
36.fxe5+ Rxe5+ 37.Kd3 g5 38.a4 g4 39.Kd4 Rf5 40.Rc5 Rf3 41.Kc4 Rxg3 42.Rxa5 Rh3
43.Rxh5 g3 44.Kc5 g2 45.Rg5 Rxb3 46.Rxg2 Rc3+ 47.Kb4 Rh3 48.Rg4 Ke5 49.a5 f5
50.a6 fxg4 51.a7 Rxh4 52.a8=Q Rh3 53.Kc4 Rf3 54.Qd5+ Kf4 55.Qd6+ Kg5 56.Kd4 Rf4+
57.Ke3 Rf3+ 58.Ke4 Kh4 59.Qh2+ Kg5 60.Qd2+ Kh4 61.Qg2 Kh5 62.Qh1+ Rh3 63.Qa1 Rf3
64.Qh8+ Kg5 65.Qh2 Rf1 66.Qd2+ Kh5 67.Qd3 Rf3 68.Qd5+ Kh4 69.Qd6 Kg5 70.Qd2+ Kh5
71.Qc1 Kg6 72.Qc5 Kh6 73.Qe5 Kg6 74.Qh8 Kg5 75.Qg7+ Kh5 76.Qb7 Kg5 77.Qb5+ Kg6
78.Qa5 Kh6 79.Qa7 Kg6 80.Qd7 Kg5 81.Qe7+ Kh5 82.Qd8 Rf1 83.Qa5+ Kh4 84.Qa6 Rf3
85.Qg6 Kg3 86.Qh6 Rf1 87.Qd2 Rf3 88.Qe1+ Kh3 89.Ke5 Rf8 90.Qh1+ Kg3 91.Qg1+ Kh3
92.Ke4 Rf3 93.Qb6  1/2-1/2

[Event "BUL-ch"]
[Site "BUL"]
[Date "1992.??.??"]
[Round "10"]
[White "Panbukchian, Valentin"]
[Black "Lalev, Dimitar"]
[Result "1-0"]
[WhiteElo "2340"]
[BlackElo "2425"]

1.e4 c5 2.Nf3 Nc6 3.d4 cxd4 4.Nxd4 Qc7 5.Nc3 e6 6.f4 Nxd4 7.Qxd4 a6 8.Be3 b5
9.Be2 Bb7 10.Rd1 Rc8 11.O-O Bc5 12.Qxg7 Bxe3+ 13.Kh1 Bxf4 14.Bh5 Nh6 15.Qxh8+ Ke7
16.Qd4 Be5 17.Qd2 Bg7 18.Rf3 Kf8 19.Bxf7 Nxf7 20.Qxd7  1-0

[Event "Calcutta"]
[Site "Calcutta"]
[Date "1992.??.??"]
[Round "4"]
[White "Acharya, Chandragupta K"]
[Black "Chatterjee, KK."]
[Result "1-0"]
[WhiteElo "2310"]
[BlackElo "2215"]

1.e4 c5 2.Nf3 Nc6 3.d4 cxd4 4.Nxd4 Qc7 5.Nc3 e6 6.Be2 a6 7.Be3 Nf6 8.O-O Bb4
9.Na4 O-O 10.Nxc6 bxc6 11.Nb6 Rb8 12.Nxc8 Rfxc8 13.Bxa6 Rd8 14.Bd3 Bd6 15.f4 e5
16.f5 Qa5 17.Kh1 Bc5 18.Bg5 Rxb2 19.Bxf6 gxf6 20.Qh5 d5 21.Qh6 dxe4 22.Bxe4 Rxa2
23.Rxa2 Qxa2 24.Qxf6 Rd4 25.Qxe5 Qc4 26.Bd3 Qd5 27.Qg3+ Kf8 28.Qb8+ Qd8 29.Qe5 Qd5
30.Qh8+ Ke7 31.c4 Qd8 32.f6+ Kd7 33.Qxh7 Kc7 34.Qxf7+ Rd7 35.Qh5 Qf8 36.Be2 Rd4
37.Qe5+ Kc8 38.Rb1 Rd6 39.Bg4+ Kc7 40.Qe7+  1-0

[Event "Calcutta"]
[Site "Calcutta"]
[Date "1992.??.??"]
[Round "4"]
[White "Mithrakanth, Poorna Sharma"]
[Black "Prakash, G B."]
[Result "1-0"]
[WhiteElo "2335"]
[BlackElo "2335"]

1.e4 c5 2.Nf3 Nc6 3.d4 cxd4 4.Nxd4 Qc7 5.Nc3 e6 6.Be3 a6 7.Bd3 Nf6 8.Nb3 Ne5
9.f4 Nc4 10.Bxc4 Qxc4 11.Qd3 d5 12.e5 Ng4 13.Bd4 h5 14.O-O Bb4 15.Na4 Qxd3
16.cxd3 Bd7 17.Nb6 Rb8 18.Rac1 Bb5 19.Rfd1 O-O 20.a4 Bc6 21.Bc5 Bxc5+ 22.Nxc5 f6
23.Nbd7 fxe5 24.Nxb8 Rxb8 25.fxe5 Ne3 26.Re1 d4 27.Nxe6 Nxg2 28.Rf1 Nh4 29.Nxd4 Bxa4
30.Rc7 Re8 31.b3 Bb5 32.Nxb5 axb5 33.d4 Rd8 34.e6 Rxd4 35.e7 Rg4+ 36.Kh1  1-0

[Event "Cannes Martinez op"]
[Site "Cannes"]
[Date "1992.??.??"]
[Round "?"]
[White "Trabattoni, Franco"]
[Black "Anselmo, Aldo"]
[Result "1/2-1/2"]
[WhiteElo "2340"]
[BlackElo "2240"]

1.e4 c5 2.Nf3 Nc6 3.d4 cxd4 4.Nxd4 Qc7 5.Nc3 a6 6.g3 e6 7.Bg2 Nf6 8.O-O Be7
9.Re1 O-O 10.Nxc6 dxc6 11.e5 Rd8 12.Qe2 Nd5 13.Bd2 Bd7 14.Qg4 Nxc3 15.Bxc3 c5
16.Bd2 Bc6 17.Bh6 Bf8 18.Bxc6 Qxc6 19.Red1 Rd4 20.Bf4  1/2-1/2

[Event "Cannes Martinez op"]
[Site "Cannes"]
[Date "1992.??.??"]
[Round "?"]
[White "Levacic, Patrick"]
[Black "Szabolcsi, Janos"]
[Result "1/2-1/2"]
[WhiteElo "2270"]
[BlackElo "2415"]

1.e4 c5 2.Nf3 Nc6 3.d4 cxd4 4.Nxd4 Qc7 5.Nc3 e6 6.Be2 a6 7.O-O Nf6 8.Be3 Bb4
9.Na4 O-O 10.Nxc6 bxc6 11.Nb6 Rb8 12.Nxc8 Rfxc8 13.Bxa6 Rf8 14.Bd3 Bd6 15.h3 Be5
16.c3 Rxb2 17.Qc1 Qb7 18.Bd4 Bxd4 19.cxd4 Ra8 20.e5 Nd5 21.Bc4 Qb4 22.Bxd5 exd5
23.Qe3 Raxa2 24.Rxa2 Rxa2 25.Qg5 Ra8 26.Qg4 Ra7 27.Rd1 h6 28.Qf5 Qc3 29.Kh2 Rb7
30.Rd3 Qc2 31.Qf3 Rb2 32.Kg3 Rb4 33.Qe3 Rc4 34.Kh2 Kf8 35.Ra3 Ra4 36.Rxa4 Qxa4
37.g4 Qc2 38.Kg3 Qd1 39.Kg2 Kg8 40.Qc3 Qe2 41.Qc5 Qd3 42.Qb6 Kh7 43.Qc7 Qe4+
44.Kg3 Qd3+ 45.Kg2  1/2-1/2

[Event "Cappelle op"]
[Site "Cappelle la Grande"]
[Date "1992.??.??"]
[Round "7"]
[White "Delekta, Piotr"]
[Black "Ilic, Zoran"]
[Result "0-1"]
[WhiteElo "2265"]
[BlackElo "2395"]

1.e4 c5 2.Nf3 Nc6 3.d4 cxd4 4.Nxd4 Qb6 5.Nb3 Nf6 6.Nc3 e6 7.Be3 Qc7 8.a3 a6
9.f4 d6 10.Bd3 Be7 11.Qf3 O-O 12.O-O b5 13.e5 dxe5 14.fxe5 Nxe5 15.Qxa8 Neg4
16.Rf4 Nxe3 17.Qf3 Nc4 18.Rf1 Nxb2 19.a4 Bb7 20.Qh3 Nxd3 21.Qxd3 Rc8 22.Ne2 bxa4
23.Nbc1 Qc6 24.Qh3 Qxc2 25.Ng3 a3 26.Nce2 a2 27.Nd4 Bc5 28.Kh1 Qb2 29.Nxe6 fxe6
30.Qxe6+ Kh8 31.Ne4 a1=Q  0-1

[Event "JUG-chT"]
[Site "Cetinje"]
[Date "1992.??.??"]
[Round "?"]
[White "Smagin, Sergey"]
[Black "Djukic, Zeljko"]
[Result "0-1"]
[WhiteElo "2520"]
[BlackElo "2395"]

1.e4 c5 2.Nf3 Nc6 3.d4 cxd4 4.Nxd4 Qc7 5.Nc3 e6 6.Be2 a6 7.O-O Nf6 8.Be3 Bb4
9.Nxc6 bxc6 10.Na4 Be7 11.Nb6 Rb8 12.Nxc8 Qxc8 13.e5 Nd5 14.Bc1 Bc5 15.Kh1 O-O
16.Bd3 a5 17.Qh5 g6 18.Qe2 Qc7 19.c3 f6 20.Bh6 Rf7 21.exf6 Nf4 22.Bxf4 Qxf4
23.g3 Qxf6 24.f4 Rbf8 25.Rae1 Bb6 26.Qg4 Kh8 27.h4 Rg8 28.Kg2 h5 29.Qd1 Bc7
30.Qc2 Kg7 31.Re4 Qe7 32.Rfe1 Rf6 33.R1e2 Rgf8 34.b4 axb4 35.cxb4 d5 36.R4e3 Qxb4
37.Rxe6 Bxf4 38.Re7+ Kg8 39.Bxg6 Bxg3 40.Bf7+ Kh8 41.Re8 Rxf7 42.Qg6 Qf4
43.Rxf8+ Rxf8 44.Qxh5+ Kg7 45.Kh3 Bf2 46.Qg4+ Qxg4+ 47.Kxg4 d4 48.h5 Be3
49.Rc2 Rf4+ 50.Kg3 Rf6  0-1

[Event "JUG-chT"]
[Site "Cetinje"]
[Date "1992.??.??"]
[Round "?"]
[White "Lazic, Dragoljub"]
[Black "Tosic, Miroslav"]
[Result "1/2-1/2"]
[WhiteElo "2330"]
[BlackElo "2435"]

1.e4 c5 2.Nf3 Nc6 3.d4 cxd4 4.Nxd4 Qc7 5.Nc3 e6 6.g3 a6 7.Bg2 Nf6 8.O-O Be7
9.Re1 d6 10.Be3 O-O 11.Qe2 Bd7 12.Nxc6 Bxc6 13.a4 b6  1/2-1/2

[Event "JUG-chT"]
[Site "Cetinje"]
[Date "1992.??.??"]
[Round "?"]
[White "Djuric, Petar"]
[Black "Knezevic, Bojan"]
[Result "0-1"]
[WhiteElo "2170"]
[BlackElo "2310"]

1.e4 c5 2.Nf3 Nc6 3.d4 cxd4 4.Nxd4 Qb6 5.Nb3 Nf6 6.Nc3 e6 7.Be3 Qc7 8.Be2 Bb4
9.Qd3 d5 10.O-O-O O-O 11.exd5 Ne5 12.Qd4 Bxc3 13.Qxc3 Qxc3 14.bxc3 Nxd5 15.Bd4 Nc6
16.g3 Nxd4 17.cxd4 Nc3 18.Rd2 Ne4 19.Bf3 Nxd2 20.Kxd2 Rb8 21.Na5 b6 22.Nc4 Bb7
23.Bxb7 Rxb7 24.c3 Rd8 25.f4 f6 26.Re1 Kf7 27.Nb2 Rd5 28.Nd3 Rc7 29.Rc1 g5
30.fxg5 Rxg5 31.Ke3 Ra5 32.Rc2 e5 33.c4 exd4+ 34.Kxd4 Rd7+ 35.Ke4 f5+ 36.Ke3 Ra3
37.Rd2 Kf6 38.Ke2 Rc3  0-1

[Event "Czestochowa op"]
[Site "Czestochowa"]
[Date "1992.??.??"]
[Round "9"]
[White "Flis, Jacek"]
[Black "Yegiazarian, Arsen"]
[Result "1-0"]
[WhiteElo "2340"]
[BlackElo "2400"]

1.e4 c5 2.Nf3 Nc6 3.d4 cxd4 4.Nxd4 Qb6 5.Nb3 Nf6 6.Nc3 e6 7.Be3 Qc7 8.Bd3 Be7
9.f4 d6 10.Qf3 a6 11.g4 g5 12.e5 dxe5 13.fxg5 Nd5 14.Ne4 Bd7 15.c3 O-O-O
16.Bc5 Bxc5 17.Nbxc5 Nce7 18.O-O-O Be8 19.Bc2 Kb8 20.c4 Rc8 21.cxd5 exd5
22.Qb3 Bb5 23.a4 dxe4 24.axb5 Qxc5 25.bxa6 Rc7 26.Kb1 e3 27.Rhe1 Nc6 28.Rd5 Qa7
29.Be4 Qxa6 30.Rxe3 Rhc8 31.Re1 Nd4 32.Qb4 Qe6 33.Ra5 Qxg4 34.Qb6 Rc1+ 35.Ka2 Qe6+
36.Qxe6 Nxe6 37.Rxc1 Rxc1 38.Rxe5 Re1 39.h4 Kc7 40.Rxe6 fxe6 41.Bxh7 Kd7
42.g6 Rg1 43.h5 Ke7 44.h6 Kf6 45.g7 Kf7 46.Kb3 Rg4 47.Kc3 Rg1 48.b4 Rg4 49.b5  1-0

[Event "EU-chT (Men)"]
[Site "Debrecen"]
[Date "1992.??.??"]
[Round "2"]
[White "Stefansson, Hannes"]
[Black "Anastasian, Ashot"]
[Result "1/2-1/2"]
[WhiteElo "2455"]
[BlackElo "2490"]

1.e4 c5 2.Nf3 Nc6 3.d4 cxd4 4.Nxd4 Qb6 5.Nb3 Nf6 6.Nc3 e6 7.Be3 Qc7 8.Bd3 a6
9.f4 d6 10.Qf3 b5 11.O-O Bb7 12.a3 Be7 13.Qh3 Rc8 14.Nd1 e5 15.f5 d5 16.exd5 Nxd5
17.c4 bxc4 18.Bxc4 Nf6 19.Rc1 O-O 20.Nf2 e4 21.Nc5 Bxc5 22.Bxc5 Rfe8 23.Ba2 Ne5
24.Rfd1 Qa5 25.b4 Qb5 26.Qe3 Nd3 27.Bc4 Qc6 28.Nxd3 exd3 29.Qf3 Qxf3 30.gxf3 Bxf3
31.Rxd3 Be2 32.Rd6 Bxc4 33.Rxc4 a5 34.Rdd4 axb4 35.Bxb4 Ra8 36.Rc7 h5 37.Be7 Ra5
38.Rd8 Rxd8 39.Bxd8 Rxa3 40.Rc8 Ra1+ 41.Kg2 Ra2+ 42.Kf3 Ng4 43.h3 Ra3+ 44.Kg2 Ne3+
45.Kf2 Kh7 46.f6 g5 47.Be7 Rb3 48.Rf8 Kg6 49.Rg8+ Kf5 50.Rg7 g4 51.Rxf7 gxh3
52.Rh7 Ng4+ 53.Ke2 Re3+ 54.Kd2 Ke6 55.Rxh5 Rf3 56.Bd8 Kd7 57.Bb6 h2 58.Rh7+ Kc6
59.Bc7  1/2-1/2

[Event "EU-chT (Men)"]
[Site "Debrecen"]
[Date "1992.??.??"]
[Round "5"]
[White "Nevednichy, Vladislav"]
[Black "Grivas, Efstratios"]
[Result "1-0"]
[WhiteElo "2470"]
[BlackElo "2465"]

1.e4 c5 2.Nf3 Nc6 3.d4 cxd4 4.Nxd4 Qb6 5.Nb3 Nf6 6.Nc3 e6 7.Bd3 d6 8.Qe2 a6
9.Be3 Qc7 10.f4 b5 11.O-O-O Nd7 12.Kb1 Be7 13.g4 Nb6 14.Rhe1 Na4 15.Bd2 Nxc3+
16.Bxc3 e5 17.f5 h6 18.Rg1 Bg5 19.Be1 Bb7 20.h4 Bf4 21.c3 Nb8 22.Bc2 Nd7
23.Bd2 O-O-O 24.Bxf4 exf4 25.Qf2 Kb8 26.Qxf4 Ne5 27.Rd4 Rc8 28.Rgd1 Rhd8
29.Nc1 f6 30.Bb3 Qb6 31.Be6 Rc7 32.Qg3 a5 33.a3 Ka8 34.g5 hxg5 35.hxg5 Rc4
36.gxf6 gxf6 37.Bxc4 bxc4 38.Ka1 Qc7 39.Qh4 Qe7 40.Qf2 Qc7 41.Qg3 Bc6 42.R1d2 Kb7
43.b4 cxb3 44.Nxb3 Ka8 45.c4 a4 46.Nc1 Qa5 47.Rb2 Rb8 48.Rxb8+ Kxb8 49.Ne2 Qc5
50.Qc3 Nf7 51.Nf4 Qe5 52.Nd5 Ng5 53.Rd2 Nxe4 54.Rb2+ Bb7 55.Qxe5 dxe5 56.Rb4 Kc8
57.Kb2 Bxd5 58.cxd5 Nd6 59.Rxa4 Kc7 60.Ra6  1-0

[Event "EU-chT (Men)"]
[Site "Debrecen"]
[Date "1992.??.??"]
[Round "5"]
[White "Gullaksen, Eirik T"]
[Black "Mochalov, Evgeny V"]
[Result "1/2-1/2"]
[WhiteElo "2260"]
[BlackElo "2460"]

1.e4 c5 2.Nf3 Nc6 3.d4 cxd4 4.Nxd4 Qb6 5.Nb3 Nf6 6.Nc3 e6 7.Bd3 Be7 8.Be3 Qc7
9.f4 d6 10.Qf3 O-O 11.O-O a6 12.g4 Nd7 13.g5 Re8 14.Qh5 g6 15.Qh6 Bf8 16.Qh4 b5
17.Rf3 b4 18.Nd1 Bg7 19.Nf2 f5 20.gxf6 Bxf6 21.Qg3 Kh8 22.Rf1 Bb7 23.Nd1 a5
24.Qf2 a4 25.Nd4 Nc5 26.Nxc6 Nxd3 27.cxd3 Bxc6 28.Bd4 Bg7 29.Bxg7+ Qxg7 30.Qb6 Qa7
31.Qxa7 Rxa7 32.Ne3 Rc7 33.Rc1 Rec8 34.Rc4 d5 35.Rxb4 dxe4 36.dxe4 Rb7 37.Rxb7 Bxb7
38.Rf1 Bxe4 39.Rd1 Rb8 40.Rd2 Bb1 41.a3 Kg7 42.Kf2 Kf6 43.Nd1 Be4 44.Nc3 Bc6
45.Ke3 h6 46.Rd6 Be8 47.Rd2 Bc6 48.Rd6 Be8 49.Rd2 Bc6  1/2-1/2

[Event "EU-chT (Men)"]
[Site "Debrecen"]
[Date "1992.??.??"]
[Round "7"]
[White "Dimitrov, Vladimir"]
[Black "Anastasian, Ashot"]
[Result "0-1"]
[WhiteElo "2405"]
[BlackElo "2490"]

1.e4 c5 2.Nf3 Nc6 3.d4 cxd4 4.Nxd4 Qb6 5.Nb3 Nf6 6.Nc3 e6 7.Bd3 a6 8.Qe2 Qc7
9.f4 d6 10.Bd2 b5 11.O-O Bb7 12.Rae1 Be7 13.e5 dxe5 14.fxe5 Nd7 15.Bf4 Nb4
16.Be4 Bxe4 17.Qxe4 Nb6 18.Be3 O-O 19.a3 N4d5 20.Nxd5 Nxd5 21.Bd4 b4 22.axb4 Nxb4
23.Rc1 a5 24.Rf3 a4 25.Nd2 Rad8 26.Rh3 h6 27.Nf3 Qc4 28.c3 Nc6 29.Rf1 Nxd4
30.Nxd4 Rb8 31.Rg3 Bc5 32.Qf4 Bxd4+ 33.cxd4 Rb3 34.Rff3 Qe2 35.Rxb3 axb3
36.h3 Qxb2 37.Kh2 Kh8 38.Qe3 Rd8 39.Qxb3 Qxd4 40.Qe3 Rd5 41.Qxd4 Rxd4 42.Rf3 Kg8
43.Re3 h5 44.g3 Rd2+ 45.Kg1 Ra2 46.Re4 g5 47.Re3 Kg7 48.Re4 Kg6 49.Re3 Rb2
50.Kh1 Rb7 51.Kg2 Kf5 52.Re2 h4 53.Re3 Rb2+ 54.Kf3 hxg3 55.Kxg3 Rb4 56.Rf3+ Rf4
57.Re3 Re4 58.Rxe4 Kxe4 59.Kg4 Kxe5 60.Kxg5 f6+  0-1

[Event "Dortmund op-A"]
[Site "Dortmund"]
[Date "1992.??.??"]
[Round "2"]
[White "Hoehn, Jan"]
[Black "Illner, Achim"]
[Result "1-0"]
[WhiteElo "2235"]
[BlackElo "2350"]

1.e4 c5 2.Nf3 Nc6 3.d4 cxd4 4.Nxd4 Qb6 5.Nb3 Nf6 6.Nc3 e6 7.Bd3 Be7 8.Be3 Qc7
9.f4 d6 10.Qf3 a6 11.O-O O-O 12.a4 b6 13.g4 Nb4 14.g5 Nd7 15.Qh5 g6 16.Qh6 f5
17.exf5 exf5 18.Nd4 Nb8 19.Be2 Re8 20.Bf3 Bf8 21.Nd5 Qf7 22.Nf6+ Qxf6 23.gxf6 Bxh6
24.Bd2 d5 25.Bxb4 Bb7 26.Rae1 Nd7 27.Re7 Rxe7 28.fxe7 Bxf4 29.Ne6 Be3+ 30.Kg2 Rc8
31.Nd8 Nf6 32.Nxb7 Rxc2+ 33.Kh1 a5 34.Bxd5+ Kg7 35.Bc3  1-0

[Event "Dortmund op-A"]
[Site "Dortmund"]
[Date "1992.??.??"]
[Round "2"]
[White "Mikhalchishin, Adrian"]
[Black "Luecke, Norbert"]
[Result "1-0"]
[WhiteElo "2530"]
[BlackElo "2395"]

1.e4 c5 2.Nf3 Nc6 3.d4 cxd4 4.Nxd4 Qb6 5.Nb3 Nf6 6.Nc3 e6 7.Bd3 a6 8.O-O d6
9.a4 Qc7 10.a5 b6 11.axb6 Qxb6 12.Be3 Qc7 13.Qe2 Nb8 14.Bd4 e5 15.Be3 Be7
16.Bb5+ Bd7 17.Bxd7+ Qxd7 18.Na5 O-O 19.Nc4 Qc6 20.Nb6 Nxe4 21.Nxe4 Qxe4
22.f3 Qc6 23.Nxa8 Qxa8 24.Rfd1 Qb7 25.c3 h6 26.Rd2 Rd8 27.f4 Re8 28.Qc4 Bf8
29.Qd5 Qc7 30.fxe5 Rxe5 31.Qd3 a5 32.Bd4 Rg5 33.Rf1 Nc6 34.Rdf2 f6 35.Be3 Re5
36.Bf4 Re8 37.Bxh6 Qf7 38.Bf4 d5 39.Rd2 Bc5+ 40.Kh1 d4 41.Qb5 Qd5 42.cxd4  1-0

[Event "Dortmund op-A"]
[Site "Dortmund"]
[Date "1992.??.??"]
[Round "4"]
[White "Kummerow, Heiko"]
[Black "Illner, Achim"]
[Result "1/2-1/2"]
[WhiteElo "2240"]
[BlackElo "2350"]

1.e4 c5 2.Nf3 Nc6 3.d4 cxd4 4.Nxd4 Qb6 5.Nb3 Nf6 6.Nc3 e6 7.Bd3 Be7 8.Be3 Qc7
9.f4 d6 10.Qf3 a6 11.g4 b5 12.O-O-O Bb7 13.g5 Nd7 14.Qh3 Nf8 15.Rhe1 Rc8
16.Kb1 Nb4  1/2-1/2

[Event "Dortmund op-A"]
[Site "Dortmund"]
[Date "1992.??.??"]
[Round "8"]
[White "Luecke, Norbert"]
[Black "Grivas, Efstratios"]
[Result "1-0"]
[WhiteElo "2395"]
[BlackElo "2465"]

1.e4 c5 2.Nf3 Nc6 3.d4 cxd4 4.Nxd4 Qb6 5.Nb3 Nf6 6.Nc3 e6 7.Bd3 Be7 8.O-O d6
9.Be3 Qc7 10.f4 a6 11.Qf3 O-O 12.Rae1 b5 13.e5 dxe5 14.fxe5 Nxe5 15.Qxa8 Neg4
16.g3 Bb7 17.Qa7 Qc6 18.Be4 Nxe4 19.Na5 Qc5 20.Bxc5 Bxc5+ 21.Qxc5 Nxc5 22.b4  1-0

[Event "Wch U18"]
[Site "Duisburg"]
[Date "1992.??.??"]
[Round "11"]
[White "Hamid, Mansour Kadi"]
[Black "Hoehn, Jan"]
[Result "1/2-1/2"]
[WhiteElo "2295"]
[BlackElo "2245"]

1.e4 c5 2.Nf3 Nc6 3.d4 cxd4 4.Nxd4 Qb6 5.Nb3 Nf6 6.Nc3 e6 7.Be3 Qc7 8.a3 a6
9.f4 d6 10.Be2 Be7 11.O-O O-O 12.g4 b5 13.g5 Nd7 14.f5 Re8 15.Qe1 g6 16.Rf3 Bf8
17.Qh4 Bg7 18.f6 Bh8 19.Rd1 Nce5 20.Rh3 Nf8 21.Rxd6 Nc4 22.Rd1 Nxe3 23.Rxe3 Qa7
24.Qf2 e5 25.Nd5 Ne6 26.h4 h6 27.Rg3 Qb8 28.h5 Nxg5 29.hxg6 Be6 30.g7 Bxg7
31.Ne7+ Kh7 32.Rxg5 hxg5 33.Qh2+ Bh6 34.Kg2 Rxe7 35.fxe7 Qh8 36.Na5 Qf6 37.Nc6 Re8
38.Kh1 Bc4 39.Nb4 Rxe7 40.Rf1 Qg6 41.b3 Bxe2 42.Qxe2 g4 43.Nd5 Re6 44.Rg1 g3
45.Kg2 f5 46.exf5 Qxf5 47.Rh1 Kg6 48.Rh4 Bf4 49.Rxf4 exf4 50.Qxe6+ Qxe6 51.Nxf4+ Kf5
52.Nxe6 Kxe6 53.Kxg3 Ke5 54.Kf3 Kd4 55.Ke2 Kc3 56.Kd1 a5 57.Kc1 a4 58.bxa4 bxa4
59.Kb1 Kd4 60.Kb2 Kc4 61.Ka1 Kc3 62.Kb1  1/2-1/2

[Event "BL2-O9192"]
[Site "Germany"]
[Date "1992.??.??"]
[Round "?"]
[White "Womacka, Mathias"]
[Black "Cabrilo, Goran"]
[Result "1/2-1/2"]
[WhiteElo "2445"]
[BlackElo "2520"]

1.e4 c5 2.Nf3 Nc6 3.d4 cxd4 4.Nxd4 Qb6 5.Nb3 Nf6 6.Nc3 e6 7.Bd3 d6 8.Be3 Qc7
9.f4 a6 10.O-O Be7 11.Qf3 O-O 12.Kh1 b5 13.a4 b4 14.Ne2 Bb7 15.Qh3 e5 16.Ng3 Rfe8
17.Rae1 Bc8 18.Nf5 Bf8 19.fxe5 Nxe5 20.Qg3 Kh8 21.Bd4 Be6 22.Nd2 Nfd7 23.Nf3 f6
24.Nxe5 dxe5 25.b3 Nc5 26.Bxc5 Bxc5 27.Rd1 Red8 28.Ne3 Bxe3 29.Qxe3 Rd4 30.Qe2 Qc6
31.Rfe1 Rad8 32.h3 Qd6 33.Rb1 a5 34.Qf2 Rc8 35.Re3 Rc3 36.Qe2 Qd8 37.Kh2 Rd6
38.Kh1 Qb6 39.Kh2 Qd4 40.Rg3 Qa7 41.Re3 Bf7 42.Kh1 Kg8 43.Kh2 Qd7 44.Kh1 Qd8
45.Kh2 g6 46.Kh1 Kg7 47.Kh2 Rd4 48.Kh1 Qd6 49.Kg1 Qc5 50.Kh2 Qd6 51.Kg1 h5
52.Kh1 h4 53.Kg1 Qd8 54.Kh2 Rc6 55.Rf1 Rcd6 56.Rb1 g5 57.Kg1 Kf8 58.Kh2 Ke7
59.Kg1 Be6 60.Kh2 Qg8 61.Qf2 Qg7 62.Rf1  1/2-1/2

[Event "BL2-O9192"]
[Site "Germany"]
[Date "1992.??.??"]
[Round "?"]
[White "Klundt, Klaus"]
[Black "Cabrilo, Goran"]
[Result "1/2-1/2"]
[WhiteElo "2415"]
[BlackElo "2520"]

1.e4 c5 2.Nf3 Nc6 3.d4 cxd4 4.Nxd4 Qb6 5.Nb3 Nf6 6.Nc3 e6 7.Bd3 d6 8.O-O Be7
9.Kh1 Qc7 10.f4 a6 11.Qf3 O-O 12.Bd2 b5 13.a3 Bb7 14.Rae1 b4 15.axb4 Nxb4
16.Nb5 axb5 17.Bxb4 Ra2 18.Qh3 e5 19.Bc3 b4 20.Bxb4 Rxb2 21.fxe5 dxe5 22.Bxe7 Qxe7
23.Nd2 Bc8 24.Qh4 Rb6 25.Nc4 Rc6 26.Qg3 Rc5 27.Ne3 Rd8 28.Qf3 Be6 29.h3 h6
30.Kh2 Rd4 31.Rf2 Ra5 32.Rb1 Qc7 33.Nf5 Bxf5 34.Qxf5 Rd8 35.Rf3 Qd7 36.Rb6 Qxf5
37.Rxf5 Rc5 38.Kg3 Kf8 39.Kf2 Ke7 40.Ke3 Rd6 41.Rxd6 Kxd6 42.g4 Rc7 43.Rf1 Nh7
44.Ra1 Ng5 45.Ra6+ Rc6 46.Rxc6+ Kxc6 47.h4 Nh3 48.Bc4 f6 49.Kf3 Kc5 50.Bf1 Nf4
51.c3 g6 52.Ke3  1/2-1/2

[Event "Oberliga Nord N9192"]
[Site "Germany"]
[Date "1992.??.??"]
[Round "?"]
[White "Stenner, Patrick"]
[Black "Heinsohn, Wilfried"]
[Result "0-1"]
[WhiteElo "2310"]
[BlackElo "2210"]

1.e4 c5 2.Nf3 Nc6 3.d4 cxd4 4.Nxd4 Qc7 5.Be3 Nf6 6.Nc3 e6 7.Bd3 a6 8.O-O Ne5
9.f4 Neg4 10.Bc1 Bc5 11.Ne2 e5 12.h3 exd4 13.hxg4 Nxg4 14.Ng3 d6 15.Qf3 Qe7
16.Nh5 g6 17.Ng7+ Kf8 18.f5 Qh4 19.Ne6+ Bxe6 20.Bf4 Bc4 21.b4 Bxd3 22.bxc5 Bxf1
23.Bxd6+ Kg7 24.Rxf1 Rae8 25.fxg6 f6 26.Bg3 Qg5 27.Bf4 Qxg6 28.e5 Nxe5 29.Qxb7+ Qf7
30.Qxa6 Re6 31.Qa4 Qd7 32.Qb3 Rg8 33.Rb1 Kh8 34.Qh3 Qd5 35.Rb3 Ng4  0-1

[Event "Hermanos Saiz"]
[Site "Hermanos Saiz"]
[Date "1992.??.??"]
[Round "?"]
[White "Diaz Perez, Jose David"]
[Black "Otero, Evelio"]
[Result "1/2-1/2"]
[WhiteElo "2275"]
[BlackElo "2365"]

1.e4 c5 2.Nf3 Nc6 3.d4 cxd4 4.Nxd4 Qb6 5.Nb3 Nf6 6.Nc3 e6 7.Bd3 Be7 8.O-O a6
9.Kh1 Qc7 10.f4 d6 11.Bd2 b5 12.a3 Bb7 13.Qe2 O-O 14.Rae1 Nd7 15.Qh5 g6 16.Qh6 Bf6
17.Nd1 Bg7 18.Qh3 Rae8 19.Bc3 f5 20.Bxg7 Kxg7 21.exf5 exf5 22.Nd2 Nf6 23.Nf3 Nd8
24.Nd4 Kh8 25.Qh4 Qg7 26.c3 Ne4 27.Bxe4 Bxe4 28.Nf2 Bd5 29.Nd3 Kg8 30.Rxe8 Rxe8
31.Re1 Qd7 32.Kg1 Be4 33.Nf2 Ba8 34.Nd3 Be4 35.Nf2 Bd5 36.Nd3 Nf7 37.Rxe8+ Qxe8
38.Qe1 Qa8 39.Qg3 Be4 40.h3 Qb7  1/2-1/2

[Event "HUN-chT"]
[Site "HUN"]
[Date "1992.??.??"]
[Round "?"]
[White "Feher, Gyula"]
[Black "Abel, Lajos"]
[Result "1/2-1/2"]
[WhiteElo "2405"]
[BlackElo "2430"]

1.e4 c5 2.Nf3 Nc6 3.d4 cxd4 4.Nxd4 Qc7 5.Nc3 e6 6.Be2 a6 7.O-O Nf6 8.Kh1 b5
9.f4 Nxd4 10.Qxd4 Bc5 11.Qd3 Bb7 12.Bf3 h5 13.e5 Ng4 14.Bxb7 Qxb7 15.Ne4 Qc6
16.Bd2 Rc8 17.Rac1 Be7 18.a3 Nh6 19.Bb4 Nf5 20.Bxe7  1/2-1/2

[Event "HUN-chT"]
[Site "HUN"]
[Date "1992.??.??"]
[Round "?"]
[White "Borsavolgyi, Tamas"]
[Black "Fogarasi, Tibor"]
[Result "1/2-1/2"]
[WhiteElo "2280"]
[BlackElo "2445"]

1.e4 c5 2.Nf3 Nc6 3.d4 cxd4 4.Nxd4 Qc7 5.g3 Qe5 6.Be3 Qxe4 7.Nf3 Ne5 8.Be2 Nf6
9.Nc3 Nxf3+ 10.Bxf3 Qc4 11.Qd2 e6 12.b3 Qb4 13.a3 Qa5 14.O-O Be7 15.Rfe1 d5
16.Bf4 Bd7 17.Rad1 Qxa3 18.Qe2 O-O 19.Nxd5 Nxd5 20.Bxd5 Qb4 21.Bd2 Qb6 22.Be3 Qc7
23.Bf4 Qc8 24.Be4 Bc6 25.Bd3 Bf6 26.Qh5 g6 27.Qh3 Bf3 28.Rb1 a6 29.Re3 Bc6
30.Be5 Bxe5 31.Rxe5 Qd7 32.Rbe1 Rae8 33.Qh6 f6 34.R5e2 e5 35.Rd2 Qg7 36.Bc4+ Kh8
37.Qe3 f5 38.Qb6 f4 39.Bd5 Bxd5 40.Rxd5 e4 41.Qd4 Re7 42.Rxe4 Rxe4 43.Qxe4 fxg3  1/2-1/2

[Event "HUN-chT"]
[Site "HUN"]
[Date "1992.??.??"]
[Round "?"]
[White "Juhasz, Jozsef"]
[Black "Golikov, Anatolij"]
[Result "0-1"]
[WhiteElo "2235"]
[BlackElo "2360"]

1.e4 c5 2.Nf3 Nc6 3.d4 cxd4 4.Nxd4 Qc7 5.Nc3 e6 6.Be2 a6 7.O-O Bc5 8.Be3 Nce7
9.Qd3 d6 10.Rad1 Nf6 11.e5 Nfd5 12.Ne4 O-O 13.exd6 Bxd6 14.Nxd6 Qxd6 15.Nb3 Qe5
16.Bd4 Qg5 17.Qg3 Qh6 18.Bc4 Nf5 19.Qg4 b5 20.Bxd5 exd5 21.Qf3 Be6 22.Rfe1 Rfc8
23.c3 a5 24.a3 Qg6 25.Qf4 b4 26.axb4 axb4 27.cxb4 Rc4 28.b5 Rb4 29.Nc5 Rxb5
30.Nxe6 fxe6 31.Qe5 Re8 32.Ra1 Rb4 33.Red1 Rc8 34.Bc3  0-1

[Event "HUN-chT"]
[Site "HUN"]
[Date "1992.??.??"]
[Round "2"]
[White "Magyar, Otto"]
[Black "Kaposztas, Miklos"]
[Result "0-1"]
[WhiteElo "2270"]
[BlackElo "2310"]

1.e4 c5 2.Nf3 Nc6 3.d4 cxd4 4.Nxd4 Qc7 5.Nb5 Qb8 6.Be3 Nf6 7.N1c3 a6 8.Nd4 e6
9.f4 d6 10.Nb3 b5 11.Qf3 Bb7 12.Bd3 Be7 13.g4 Qc7 14.g5 Nd7 15.Rg1 Nc5 16.Qh3 Nb4
17.Kd2 Rd8 18.g6 fxg6 19.Rxg6 hxg6 20.Qxh8+ Kf7 21.Qh7 Nd7 22.f5 gxf5 23.exf5 e5
24.Qg6+ Kf8 25.Rg1 Bf6 26.Bh6 Ke7 27.Bxg7 Rg8 28.Qh7 Rxg7 29.Rxg7+ Bxg7 30.Qxg7+ Kd8
31.f6 Qb6 32.Ke2 d5 33.f7 Qd6 34.Bf5 Nf8 35.Na5 Ba8 36.a3 Nc6 37.Nxd5 Nd4+
38.Ke1 Bxd5 39.c3 Nxf5 40.Qg5+ Ne7  0-1

[Event "HUN-chT"]
[Site "HUN"]
[Date "1992.??.??"]
[Round "5"]
[White "Somlai, Laszlo"]
[Black "Fogarasi, Tibor"]
[Result "1/2-1/2"]
[WhiteElo "2375"]
[BlackElo "2445"]

1.e4 c5 2.Nf3 Nc6 3.d4 cxd4 4.Nxd4 Qc7 5.Nc3 e6 6.Be2 a6 7.O-O Nf6 8.Kh1 Be7
9.Be3 O-O 10.f4 d6 11.Qe1 Nxd4 12.Bxd4 b5 13.e5 dxe5 14.Bxe5 Qb6 15.Bd3 Bb7
16.Qg3 g6 17.Rae1 b4 18.Ne2 Ne4 19.Bxe4 Bxe4 20.Nd4 Qb7 21.Qh3 Rac8 22.Re3 f5
23.Nxe6 Rxc2 24.Rg3 Rfc8 25.Nd4 Rc1 26.Rxg6+ hxg6 27.Qh8+ Kf7 28.Qg7+ Ke8
29.Qxg6+ Kd7 30.Qe6+ Ke8 31.Qg6+ Kd7 32.Qe6+  1/2-1/2

[Event "Hyeres op"]
[Site "Hyeres"]
[Date "1992.??.??"]
[Round "?"]
[White "Lanka, Zigurds"]
[Black "Anselmo, Aldo"]
[Result "1-0"]
[WhiteElo "2520"]
[BlackElo "2240"]

1.e4 c5 2.Nf3 Nc6 3.d4 cxd4 4.Nxd4 Qc7 5.Nc3 e6 6.Be2 a6 7.Be3 Nf6 8.a3 Be7
9.f4 d6 10.g4 Nxd4 11.Qxd4 O-O 12.g5 Nd7 13.h4 Re8 14.h5 d5 15.exd5 e5 16.Qd2 exf4
17.Bxf4 Ne5 18.O-O-O Bd6 19.Rdf1 Bf5 20.Bxe5 Rxe5 21.Bd3 Bxd3 22.Qxd3 Rxg5
23.Ne4 Rg2 24.Nxd6 Qxd6 25.Qf3 Rg5 26.Qxf7+ Kh8 27.Rhg1 h6 28.Rxg5 hxg5 29.Qg6 Rd8
30.Qxg5 Kg8  1-0

[Event "Iraklion op"]
[Site "Iraklion"]
[Date "1992.??.??"]
[Round "4"]
[White "Safranska, Anda"]
[Black "Kogan, Artur"]
[Result "0-1"]
[WhiteElo "2260"]
[BlackElo "2370"]

1.e4 c5 2.Nf3 Nc6 3.d4 cxd4 4.Nxd4 Qc7 5.Be3 Nf6 6.Nc3 e6 7.a3 a6 8.f4 h5
9.Qd2 b5 10.e5 Ng4 11.Bg1 Bb7 12.O-O-O b4 13.axb4 Bxb4 14.h3 Nh6 15.Qd3 Rc8
16.Na2 Be7 17.Kb1 g5 18.Nxc6 Bxc6 19.fxg5 Bxg5 20.Bd4 Nf5 21.Nc3 Bf4 22.Qxa6 Nxd4
23.Rxd4 Ra8 24.Qd3 Qa5  0-1